000 00260cam a22000977a 4500
008 180718b xxu||||| |||| 00| 0 eng d
082 _aI555m/B458
100 _aBernstein, Samuel J., ed.
245 _aSelected readings in quantitative urban analysis
260 _a
_b
_c
999 _c342372
_d342372